राहुल वाङ्मय : (Record no. 53527)

MARC details
000 -LEADER
fixed length control field 00684nam a2200193Ia 4500
005 - DATE AND TIME OF LATEST TRANSACTION
control field 20260429112329.0
008 - FIXED-LENGTH DATA ELEMENTS--GENERAL INFORMATION
fixed length control field 260429s9999||||xx |||||||||||||| ||und||
020 ## - INTERNATIONAL STANDARD BOOK NUMBER
International Standard Book Number 9788171191864
041 ## - LANGUAGE CODE
Language Hindi
082 ## - DEWEY DECIMAL CLASSIFICATION NUMBER
Classification number 928.914
Item number SAN
100 ## - MAIN ENTRY--PERSONAL NAME
Personal name सांकृत्यायन, राहुल
245 #0 - TITLE STATEMENT
Title राहुल वाङ्मय :
Remainder of title खंड दो: जीवनी और संस्मरण /
Statement of responsibility, etc राहुल सांकृत्यायन
250 ## - EDITION STATEMENT
Edition statement 5th ed.
260 ## - PUBLICATION, DISTRIBUTION, ETC. (IMPRINT)
Place of publication, distribution, etc प्रयागराज :
Name of publisher, distributor, etc राधाकृष्ण प्रकाशन,
Date of publication, distribution, etc 2025.
300 ## - PHYSICAL DESCRIPTION
Extent 742 p.; hb
440 ## - SERIES STATEMENT/ADDED ENTRY--TITLE
Volume number/sequential designation Vol. 1
650 ## - SUBJECT ADDED ENTRY--TOPICAL TERM
Topical term or geographic name as entry element Biography
942 ## - ADDED ENTRY ELEMENTS (KOHA)
Koha item type Text Books
Holdings
Withdrawn status Lost status Damaged status Not for loan Collection code Home library Location Shelving location Date of Cataloging Source of acquisition Total Checkouts Full call number Barcode Date last seen Price effective from Koha item type
        Non-fiction CUTN Central Library CUTN Central Library History & Geography 29/04/2026 Segment Book Distributors, New Delhi - Invoice No. 71458 on 09-02-2026   928.914 SAN 58321 29/04/2026 29/04/2026 Text Books